00943nam a2200229 i 450000100060000000300090000600500170001500700030003200800410003510000390007624500370011525000120015226000480016430000220021251000230023465000440025765000590030185201950036094200200055599900170057595201210059229962ES-MaACL20250328192837.0t|030123s1952 sp |||| |cspa d1 aBaroja, Ricardo,d1871-195392575910aGente del 98 / cRicardo Baroja. a1ª ed. aBarcelona : bJuventud, c1952 (fR. Plana) a188 p. ; c22 cm. aCCPB,c000844902-3 4aGeneración del 98 (Literatura)913051 4aEscritores españoles-yS.XIX-xBiografías.9161921 aES-MaACLjD-6310931094bR.32073bR.M.5905cSVIfSello en tinta azul de la Biblioteca del Ateneo de MadridgAnotación manuscrita en portada: "X"xEncuadernación en piel de color marrón 2udccMONOGRAFIA c29962d29962 00104070aATENEOMbATENEOMcSVId2008-01-17eSCl0oD-6310p901030934r2023-02-23 00:00:00w2023-02-23yMONOGRAFIA